000 00467nam a2200193Ia 4500
008 240509s9999 xx 000 0 und d
020 _a0001558280235
041 _aEng
082 _a004.019
082 _bG55
100 _aGOODWIN, Mark
245 0 _aUser interfaces in C++ and object-oriented programming
260 _bOregon : MIS
260 _c1989
300 _a394 p.
650 _aC++ : OBJECT ORIENTED PROGRAMMING
942 _2ddc
942 _cLBK
999 _c22860
_d22860
945 _a1
_bMadushi Gamage
_c1
_dMadushi Gamage